000 00676nam a2200241 a 4500
999 _c2121
_d2121
001 2121
003 BD-JhCC
005 20171031162552.0
008 171030s2002 bg |||| |a|| 000 0 ben d
020 _a9848116516
035 _a(BD-JhCC)2121
040 _aBD-JhCC
_dBD-JhCC
041 _aben
082 _a891.4409
_bAKH 2002
100 _aআখন্দ, শহীদ
245 _aগল্প লেখার কারুকলা /
_cশহীদ আখন্দ,
260 _aঢাকা :
_bবইপত্র,
_c2002
300 _a187 p. :
_c22 cm.
650 _aBengali Literature
650 _aArt of story writing
942 _2ddc
_cBK